000 00345ngm a2200133 i 4500
001 bg
100 1 _aWojtyäski, Maciej.
245 0 0 _a"Swego nie znacie..." katalog zabytków.
_cMaciej Wojtyäski.
_n1-2 /
260 _aWarszawa :
_b[s.n.],
_c1995.
040 _cBPK
041 _apol
942 _cTW
008 s pl f |000 0 pol
999 _c50109
_d50109
856 _uhttp://koha.tu.koszalin.pl/cgi-bin/koha/opac-detail.pl?biblionumber=50109
_yKatalog online BPK